000 01180cam a22003014i 4500
001 17985159
003 PILC
005 20160318082957.0
008 131230s2013 nyua 001 0 eng
010 _a 2013431161
020 _a9781451639612 (pbk.)
040 _aDLC
_beng
_cDLC
_erda
050 0 0 _aBF 637.S8
_b.C68 2013
100 1 _aCovey, Stephen R.
245 1 4 _aThe 7 habits of highly effective people :
_bpowerful lessons in personal change /
_cStephen R. Covey.
246 3 _aSeven habits of highly effective people
250 _a25th anniversary edition.
260 _aNY :
_bSimon & Schuster,
_c2013.
300 _axxx, 391 pages :
_billustrations ;
_c22 cm.
500 _aPreviously published: New York : Free Press, c2004.
500 _aThis edition has a new foreword by Jim Collins, a family tribute by Covey's children, and "A final interview with Stephen R. Covey."
500 _aIncludes index.
650 0 _aSuccess
_xPsychological aspects.
650 0 _aCharacter.
906 _a7
_bcbc
_corigcop
_d2
_encip
_f20
_gy-gencatlg
942 _2lcc
_cBK
_kFOR
999 _c288287
_d288287